Rationalität-Optimalität-Zeitökonomie Weltanschaulich-methodologische Fragen der Rationalität, Zeitökonomie und sozialökonomischen Optimalität
Gespeichert in:
| Format: | Buch |
|---|---|
| Sprache: | Deutsch |
| Veröffentlicht: |
Berlin
Deutscher Vlg. der Wissenschaften
1981
|
| Schriftenreihe: | Weltanschauung heute
band 29 |
| Tags: |
Keine Tags, Fügen Sie das erste Tag hinzu!
|
MARC
| LEADER | 00000nam a2200000 4500 | ||
|---|---|---|---|
| 001 | c136781 | ||
| 005 | 20250203123133.7 | ||
| 041 | 0 | |a ger | |
| 044 | |a DE | ||
| 245 | 1 | 0 | |a Rationalität-Optimalität-Zeitökonomie Weltanschaulich-methodologische Fragen der Rationalität, Zeitökonomie und sozialökonomischen Optimalität |c G. Fiedler, R. König |
| 264 | 1 | |a Berlin |b Deutscher Vlg. der Wissenschaften |c 1981 | |
| 300 | |a 145 s. | ||
| 490 | 1 | |a Weltanschauung heute |v band 29 | |
| 830 | 0 | |a Weltanschauung heute |v band 29 | |